00464nam a2200109Ia 4500008004100000050002500041100002700066245013500093260008600228300002800314521001200342140724s9999 xx 000 0 und d aRT 50.5b.Ag283 2012 aAguila, Theresa Tracy. 4aThe health care workers knowledge on the use of personal protective equipment in the emergency department /cTheresa Tracy Aguila. aLas Piñas, Philippines :bSouthville International School and Colleges,cc2012. a61 p. :bill. ;c28 cm. aNursing